Teorie lineárních obvodů : Analýza lineárních a linearizovaných elektrických obvodů /

Salvato in:
Dettagli Bibliografici
Autori principali: Kvasil, Josef (Autore), Čajka, Josef (Autore)
Natura: Libro
Lingua:ceco
Pubblicazione: Praha : SNTL, 1979
Edizione:1.vyd.
Soggetti:
Tags: Aggiungi Tag
Nessun Tag, puoi essere il primo ad aggiungerne!!

MARC

LEADER 00000nam a22000003a 4500
001 stu35259
005 20150617225731.6
008 920413s1979----cs------------------cze-d
040 |a STU  |b slo 
041 0 |a cze 
044 |a cs 
080 |a 621.372.001(075.8)  |7 stu_us_auth*stu12731 
100 1 |a Kvasil, Josef  |4 aut 
245 1 |a Teorie lineárních obvodů :  |b Analýza lineárních a linearizovaných elektrických obvodů /  |c [aut.]Josef Čajka, Josef Kvasil 
250 |a 1.vyd. 
260 |a Praha :  |b SNTL,  |c 1979 
300 |a 355 s 
650 7 |a Obvody elektrické lineárne  |2 stusub 
700 1 |a Čajka, Josef  |4 aut 
996 |b 284M047885  |c M*1622-1  |l MMKN  |s A  |a 24  |w stu35259_0001